|
|
|
|
| LEADER |
01616nam a2200409 i 4500 |
| 001 |
EBC3046333 |
| 003 |
MiAaPQ |
| 005 |
20200520144314.0 |
| 006 |
m o d | |
| 007 |
cr cnu|||||||| |
| 008 |
150215t19601960maua o 000 0 eng d |
| 020 |
|
|
|a 9780674188907
|q (electronic bk.)
|
| 035 |
|
|
|a (MiAaPQ)EBC3046333
|
| 035 |
|
|
|a (Au-PeEL)EBL3046333
|
| 035 |
|
|
|a (CaPaEBR)ebr10970773
|
| 035 |
|
|
|a (OCoLC)935279297
|
| 040 |
|
|
|a MiAaPQ
|b eng
|e rda
|e pn
|c MiAaPQ
|d MiAaPQ
|
| 043 |
|
|
|a n-us-ny
|
| 050 |
|
4 |
|a HC108.N7
|b .B476 1960
|
| 082 |
0 |
|
|a 330.97472
|
| 100 |
1 |
|
|a Berman, Barbara R.,
|e author.
|
| 245 |
1 |
0 |
|a Projection of a metropolis :
|b technical supplement to the New York metropolitan region study /
|c by Barbara R. Berman, Benjamin Chinitz, and Edward M. Hoover.
|
| 264 |
|
1 |
|a Cambridge, Massachusetts :
|b Harvard University Press,
|c 1960.
|
| 264 |
|
4 |
|c 1960
|
| 300 |
|
|
|a 1 online resource (129 pages) :
|b illustrations
|
| 336 |
|
|
|a text
|2 rdacontent
|
| 337 |
|
|
|a computer
|2 rdamedia
|
| 338 |
|
|
|a online resource
|2 rdacarrier
|
| 588 |
|
|
|a Description based on print version record.
|
| 590 |
|
|
|a Electronic reproduction. Ann Arbor, MI : ProQuest, 2015. Available via World Wide Web. Access may be limited to ProQuest affiliated libraries.
|
| 651 |
|
0 |
|a New York Metropolitan Area.
|
| 655 |
|
4 |
|a Electronic books.
|
| 700 |
1 |
|
|a Chinitz, Benjamin,
|e author.
|
| 700 |
1 |
|
|a Hoover, Edward M.,
|e author.
|
| 710 |
2 |
|
|a Regional Plan Association, Inc.,
|e issuing body.
|
| 797 |
2 |
|
|a ProQuest (Firm)
|
| 856 |
4 |
0 |
|u https://ebookcentral.proquest.com/lib/matrademy/detail.action?docID=3046333
|z Click to View
|